000 004240000a22001690004500
003 MACL
005 20151230144744.0
008 151230b xxu||||| |||| 00| 0 eng d
040 _aMACL
_cMACL
041 _aEnglish
082 _a320/BAN
100 _aBanerji, Sir Albion Raj Kumar
_924963
245 _aWhat Is Wrong With India
260 _bKitabistan
650 _aPolitical Science
_924964
942 _cBK
_k320/BAN
_2ddc
999 _c39330
_d39330